| 000 | 01164nam a2200301 i 4500 | ||
|---|---|---|---|
| 001 | 000038601 | ||
| 003 | DO-SdBNP | ||
| 005 | 20250909101002.0 | ||
| 007 | ta | ||
| 008 | 130416s1997 dr r 000 0 spa d | ||
| 040 |
_aDO-SdBNP _bspa _cBNPHU _erda |
||
| 041 | _aspa | ||
| 082 |
_axxxx _bP489d _222 |
||
| 100 | 1 |
_aPetit, Eugéne, _d1850-1931 _eautor _91817 |
|
| 245 | 1 | 0 |
_aTratado elemental de derecho romano : _bdesarrollo histórico y exposición general de los principios de la legislación romana desde el origen de Roma hasta el emperador Justiniano / _cEugene Petit ; traducción de la nueva edición francesa por Manuel Rodríguez Carrasco,. |
| 264 |
_aMoca, República Dominicana : _bDalís, _c1997. |
||
| 300 |
_a762 páginas ; _c24 cm. |
||
| 336 |
_ardacontent _btexto _2txt |
||
| 337 |
_ardamedia _bsin mediación _2n |
||
| 338 |
_ardacarrier _bvolumen _2nc |
||
| 500 | _aIncluye índice | ||
| 500 | _aCon amplias notas originales | ||
| 504 | _aIncluye referencias bibliográficas y notas al pie de las páginas | ||
| 590 | _aInventariado, 2025/DG | ||
| 700 | 1 |
_aRodríguez Carrasco, Manuel _etraductor _964935 |
|
| 910 | _aDG | ||
| 942 |
_2ddc _cLBS1 |
||
| 999 |
_c38091 _d38091 |
||